[Event "RUS Cup U13 final"]
[Site "Bryansk"]
[Date "2019.01.07"]
[Round "4"]
[White "Khisamov, Ruslan"]
[Black "Toropov, Lev"]
[Result "1/2-1/2"]
[WhiteElo "1734"]
[BlackElo "1727"]
[PlyCount "96"]
[EventDate "2019.01.04"]
[EventType "tourn"]
[EventRounds "7"]
[EventCountry "RUS"]
[SourceTitle "CBM 189 Extra"]
[Source "ChessBase"]
[SourceDate "2019.06.03"]
[SourceVersion "1"]
[SourceVersionDate "2019.06.03"]
[SourceQuality "1"]

1. Nf3 Nf6 2. c4 g6 3. b3 Bg7 4. Bb2 0-0 5. e3 c5 6. Be2 Nc6 7. 0-0 b6 8. d4 Ne4 9. Nbd2 Nxd2 10. Qxd2 cxd4 11. Nxd4 Bb7 12. Rfd1 Rc8 13. Bf3 d6 14. Rac1 Qd7 15. Nxc6 Bxb2 16. Nxe7+ Qxe7 17. Qxb2 Bxf3 18. gxf3 Qg5+ 19. Kh1 Qh5 20. Qe2 Rfd8 21. e4 Rc5 22. Qe3 Qh4 23. Rd5 Re8 24. Rcd1 f5 25. Rxc5 dxc5 26. e5 f4 27. Qe2 Qg5 28. e6 Qe7 29. Re1 Qf6 30. Qe4 Re7 31. Qd5 Kg7 32. Qd6 h6 33. a3 Kf8 34. b4 Qd4 35. bxc5 bxc5 36. Qxd4 cxd4 37. Re4 g5 38. Kg1 Kg7 39. Kf1 Kf6 40. Ke2 Rxe6 41. Kd3 Ra6 42. Kxd4 Rxa3 43. c5 Rxf3 44. Re2 Ra3 45. c6 Ra1 46. Kc5 Rc1+ 47. Kd6 Rd1+ 48. Kc5 Rc1+ 1/2-1/2